000
00328nam a2200133Ia 4500
008
210428s9999 xx 000 0 und d
020
_a
0-7106-2686X
082
_a
660 J331 J
100
_a
Christopher F Foss
_9
52174
245
0
_a
Armur and Artillery 2005-2006
260
_b
Janes
_a
uk
_c
2005
300
_a
1049p
942
_c
BK
999
_c
559940
_d
559940